banner-ar

THE complete book of soft furnishings / (Record no. 21116)

MARC details
000 -الفاتح
حقل البيانات ثابتة الطول 00512nam a2200205Ia 4500
008 - عناصر البيانات ثابتة الطول - معلومات عامة
حقل البيانات ثابتة الطول 140319s9999 xx 000 0 eng d
040 ## - مصدر الفهرسة
وكالة الفهرسة الأصلية GCL /
وكالة النسخ GCL
082 04 - رقم تصنيف ديوى العشرى
رقم التصنيف 746.95
رقم المادة G C
100 1# - المدخل الرئيسى - إسم شخصى
الإسم الشخصى GATES, DOROTHY
245 10 - بيان العنوان
العنوان THE complete book of soft furnishings /
بيان المسئوليه,etc GATES, DOROTHY
700 1# - المدخل الاضافى - اسم شخصى
الإسم الشخصى KITTIER, EILEEN
260 ## - PUBLICATION, DISTRIBUTION, ETC. (IMPRINT)
تاريخ النشر أو التوزيع 1994
300 ## - الوصف المادى
التعداد 240 p
650 04 - المدخل الاضافى بالموضوع-مصطلح موضوعى
مصطلح موضوعي FURNISHING
650 04 - المدخل الاضافى بالموضوع-مصطلح موضوعى
مصطلح موضوعي CURTAINS
650 04 - المدخل الاضافى بالموضوع-مصطلح موضوعى
مصطلح موضوعي UPHOLSTERY
650 04 - المدخل الاضافى بالموضوع-مصطلح موضوعى
مصطلح موضوعي CUSHIONS
942 ## - عناصر المدخل الإضافي( كوها)
مصدر التصنيف او مخطط الترفيف Dewey Decimal Classification
Koha [default] item type كتاب
260 ## - PUBLICATION, DISTRIBUTION, ETC. (IMPRINT)
-- [S.N] :
-- WARD LOCK ،
Holdings
حالة التراجع حالة الفقد حالة تلف ليس للاعارة المكان المؤقت الموقع الحالى تاريخ الاكتساب اجمالي اﻻعارات رقم الطلب الباركود تاريخ اخر مشاهدة تاريخ تفعيل السعر نوع وعاء كوها
        مكتبة القاهرة الكبرى مكتبة القاهرة الكبرى 03/26/2014   746.95\G C 39219 03/26/2014 03/26/2014 كتاب

Powered By

EGPV